Historia de la literatura hispanoamericana

Guardat en:
Dades bibliogràfiques
Autor principal: Lazo, Raimundo (Autor)
Format: Llibre
Idioma:espanyol
Publicat: Ciudad de México Porrúa 1974
Edició:3a. ed
Col·lecció:Colección Sepan Cuantos, 38
Matèries:
Etiquetes: Afegir etiqueta
Sense etiquetes, Sigues el primer a etiquetar aquest registre!

MARC

LEADER 00000nam a2200000 a 4500
001 UCN1014
003 CL-VaPUC
008 010420e19740000MX |||||||||||||||||spa|d
082 0 4 |a H860  |b LAZ  |2 21 
100 |a Lazo, Raimundo  |e author  |9 456380 
245 1 0 |a Historia de la literatura hispanoamericana 
250 |a 3a. ed 
300 |a 370 p 
942 |c BK 
945 |d 20010420 00:00:00  |a vberengu 
260 |a Ciudad de México  |b Porrúa  |c 1974 
650 0 |a Literatura hispanoamericana  |9 269097 
650 0 |a Crítica e interpretación   |9 255042 
583 |a last modification  |c 20010420 00:00:00  |k Rodrigo Vera 
490 0 |a Colección Sepan Cuantos, 38 
999 |c 294615  |d 294613 
952 |0 0  |1 0  |4 0  |6 H_860_000000000000000_LAZ_1974  |7 0  |8 A  |9 347164  |a BIBEDU  |b BIBEDU  |d 2019-11-20  |i 3710815  |o H860 LAZ 1974  |p 3710815  |r 2019-11-20  |w 2019-11-20  |y BK  |k LIT